| 000 | 01105cam a22002895i 4500 | ||
|---|---|---|---|
| 999 |
_c17646 _d17618 |
||
| 001 | 013210338 | ||
| 003 | EG-ScBUE | ||
| 005 | 20210203104635.0 | ||
| 008 | 041210s2005 enk er 000 1 eng | ||
| 020 | _a0715633996 | ||
| 020 | _a9780715633991 | ||
| 040 |
_aStDuBDS _beng _erda _cStDuBDS _dUk _dEG-ScBUE |
||
| 082 | 0 | 4 |
_a813.6 _bPHI _222 |
| 100 | 1 |
_aPhillips, Arthur, _d1969- _eauthor. |
|
| 245 | 1 | 4 |
_aThe Egyptologist : _ba novel / _cArthur Phillips. |
| 264 | 1 |
_aLondon : _bGerald Duckworth, _c2005. |
|
| 300 |
_a383 pages ; _c23 cm |
||
| 336 |
_atext _btxt _2rdacontent |
||
| 337 |
_aunmediated _bn _2rdamedia |
||
| 338 |
_avolume _bnc _2rdacarrier |
||
| 520 | _aObsessed Egyptologist Ralph Trilipush risks his professional reputation and his fiancée's fortune on a search for the tomb of an apocryphal pharaoh, while an Australian detective embarks on a global search for a murderer. | ||
| 650 | 7 |
_aEgyptologists _vFiction. _2BUEsh _934084 |
|
| 650 | 7 |
_aArchaeologists _zEgypt _vFiction. _2BUEsh _934085 |
|
| 651 | 7 |
_aEgypt _vFiction. _2BUEsh _934086 |
|
| 653 |
_bHHUUEENN _cOctober2013 |
||
| 942 |
_2ddc _cBB |
||